00500nam a2200145 a 450000100100000000500170001000800410002704000250006808200150009311000280010824000180013624501050015426000690025930000260032800004502920201002045822.0150129s2001 dr 000 0 spa d aDO-SdBNPbspacBNPHU axxxxbxxxx1 aRepública Dominicana.10a[Leyes, etc.]10aLey No. 87-01 :bsobre el sistema dominicano de Seguridad Social : promulgada el 9 de mayo del 2001. aSanto Domingo :bEdiciones Jurídicas Trajano Potentini,c2001. axiv, 177 p. ;c21 cm.